=LDR 00000nam 2200000 4500 =001 INLIS000000000011487 =005 20201118075158 =035 ##$$a 0010-061300000011487 =008 201118################g##########0#ind## =041 ##$$a Ind =082 ##$$a 330.07 =090 ##$$a 330.07, Win e =100 ##$$a Winoto, Windu =245 1#$$a Ekonomi SMU 2 kelas 2. /$c Drs.Windu Winoto =260 ##$$a Surakarta :$b Pabean,$c 1996 =300 ##$$a vi,136 hlm. : $b ilus. ; $c 17 x 28 cm =650 #4$$a Ekonomi =850 ##$$a NBPNMAT =084 ##$$a 330.07 WIN e =250 ##$$a cet.1 =990 ##$$a 00034333 =990 ##$$a 00034334 =990 ##$$a 00034335 =990 ##$$a 00034333 =990 ##$$a 00034334 =990 ##$$a 00034335 =990 ##$$a 00034334 =990 ##$$a 00034333 =990 ##$$a 00034335 =990 ##$$a 00034335 =990 ##$$a 00034333 =990 ##$$a 00034334